[Event "Høstturnering 2006"]
[Site "Ås, Akershus NOR"]
[Date "2006.11.09"]
[Round "8"]
[White "Høva, Frode"]
[Black "Lea, Per"]
[WhiteElo "1655"]
[BlackElo "1617"]
[PlyCount "61"]
[Result "1-0"]
1.d4 d5 2.Nf3 Nf6 3.c4 e6 4.Bg5 Be7 5.Nc3 O-O 6.e3 Nbd7 7.Bd3 c6 8.
O-O dxc4 9.Bxc4 Nd5 10.Bxe7 Qxe7 11.e4 Nxc3 12.bxc3 e5 13.Re1 c5 14.
d5 Nb6 15.Be2 c4 16.Nd2 Qc5 17.Rb1 f5 18.Qc2 fxe4 19.Nxe4 Qxd5 20.
Rbd1 Qc6 21.Nd6 Be6 22.Bf3 Nd5 23.Rxe5 Rxf3 24.Rxe6 Rxc3 25.Qf5 Rf8
26.Re8 Qxd6 27.Rxf8+ Qxf8 28.Qxd5+ Qf7 29.Qd8+ Qf8 30.Qc7 Rd3 31.
Qxc4+
1-0

[Event "Klubbmesterskap 2006"]
[Site "Ås, Akershus NOR"]
[Date "2006.01.19"]
[Round "1"]
[White "Lea, Per"]
[Black "Simonsen, Steinar"]
[WhiteElo "1630"]
[BlackElo "1435"]
[PlyCount "71"]
[Result "1-0"]
1.e4 e6 2.d4 d5 3.Nc3 Bb4 4.e5 Ne7 5.Qg4 Ng6 6.Bd3 Qh4 7.Qxh4 Nxh4
8.g3 Nf5 9.Ne2 Bxc3+ 10.bxc3 b6 11.Nf4 Bb7 12.Bxf5 exf5 13.e6 O-O 14.
O-O fxe6 15.Nxe6 Rf7 16.Nd8 Ba6 17.Re1 Rf8 18.Ne6 Rc8 19.Bf4 Nd7 20.
Nxc7 Rxc7 21.Bxc7 Rc8 22.Bd6 h6 23.Re7 Nf6 24.Rxa7 Be2 25.Re1 Bf3 26.
Re3 Bh5 27.Ree7 Ne8 28.Be5 Rxc3 29.f4 Rxc2 30.Bxg7 Rc1+ 31.Kf2 Rc2+
32.Ke1 Rxh2 33.Be5 Rg2 34.Rh7 Re2+ 35.Kf1 Rxe5 36.fxe5
1-0

[Event "Klubbmesterskap 2006"]
[Site "Ås, Akershus NOR"]
[Date "2006.01.19"]
[Round "1"]
[White "Moberg, Jan Rune"]
[Black "Furnes, Torstein"]
[Result "1/2-1/2"]
[WhiteElo "1607"]
[BlackElo "1480"]
[PlyCount "88"]
[EventDate "2006.01.19"]

1. d4 d5 2. c4 e6 3. Nf3 Nf6 4. g3 Be7 5. Bg2 O-O 6. O-O c5 7. dxc5 Bxc5 8. Qc2
d4 9. a3 a5 10. Rd1 Qb6 11. Ne5 Nc6 12. Nd3 Re8 13. Nd2 e5 14. Nxc5 Qxc5 15.
Nb3 Qe7 16. Bg5 h6 17. Bxf6 Qxf6 18. Nc5 Bf5 19. Ne4 Qg6 20. Qd3 Rad8 21. h3 h5
22. Kh2 Re7 23. Rac1 Red7 24. Qf3 Bxe4 25. Qxe4 f5 26. Qc2 e4 27. Qb3 Qg5 28.
h4 Qf6 29. f4 d3 30. exd3 Rxd3 31. Rxd3 Rxd3 32. Rc3 Rxc3 33. bxc3 Qf7 34. Bf1
Qd7 35. Qc2 Qd6 36. a4 Nb8 37. Be2 g6 38. Qd1 Qxd1 39. Bxd1 Nd7 40. Kg2 Kf7 41.
Kf2 Nc5 42. Ke3 Ke6 43. Bc2 b6 44. Kd4 Kd6 1/2-1/2

[Event "Klubbmesterskap 2006"]
[Site "Ås, Akershus NOR"]
[Date "2006.01.26"]
[Round "2"]
[White "Lystad, Frank"]
[Black "Lea, Per"]
[WhiteElo "1369"]
[BlackElo "1630"]
[PlyCount "62"]
[Result "0-1"]
1.d4 d5 2.Nf3 Nf6 3.g3 g6 4.Bg2 Bg7 5.O-O O-O 6.Nc3 e6 7.Bg5 h6 8.
Bd2 Nbd7 9.Qc1 Kh7 10.b4 b6 11.b5 Bb7 12.a4 c5 13.e3 Rc8 14.Qb2 Ne4
15.Ne2 Ndf6 16.c3 Ne8 17.Be1 N8d6 18.Nd2 Qe7 19.Rc1 Rc7 20.Bxe4 Nxe4
21.f3 Nd6 22.Bf2 Rfc8 23.f4 f6 24.Rfd1 e5 25.Nf3 Nc4 26.Qa1 exf4 27.
Nxf4 f5 28.Nd2 Nxe3 29.Re1 cxd4 30.cxd4 Rxc1 31.Rxc1 Bxd4
0-1

[Event "Klubbmesterskap 2006"]
[Site "Ås, Akershus NOR"]
[Date "2006.02.09"]
[Round "2"]
[White "Furnes, Torstein"]
[Black "Hovland, Arne"]
[Result "1-0"]
[WhiteElo "1480"]
[BlackElo "1592"]
[PlyCount "94"]
[EventDate "2006.01.19"]

1. d4 Nf6 2. c4 c5 3. d5 b5 4. cxb5 a6 5. e3 axb5 6. Bxb5 Bb7 7. Bc4 Qb6 8. b3
e6 9. Nc3 Na6 10. Nf3 Nb4 11. dxe6 fxe6 12. O-O Bd6 13. Nb5 Bb8 14. a4 d5 15.
Be2 O-O 16. Bb2 Nd7 17. Qd2 e5 18. Qc3 Qh6 19. h3 Ra6 20. Nh2 d4 21. exd4 exd4
22. Nxd4 Bxh2+ 23. Kxh2 Rg6 24. Nf3 Kh8 25. Rad1 Nd5 26. Rxd5 Bxd5 27. Rd1 Be6
28. a5 Qf4+ 29. Kh1 Qc7 30. a6 Nf6 31. Ra1 Bd5 32. b4 Ne4 33. Qe1 cxb4 34. Qxb4
Nxf2+ 35. Kg1 Nxh3+ 36. Kf1 Rb8 37. Qd4 Nf4 38. a7 Ra8 39. Ne5 Bxg2+ 40. Ke1
Nxe2 41. Nxg6+ hxg6 42. Kxe2 Qc2+ 43. Ke3 Re8+ 44. Kf4 Qf5+ 45. Kg3 Qg5+ 46.
Kh2 Qh5+ 47. Kxg2 Re2+ 1-0

[Event "Klubbmesterskap 2006"]
[Site "Ås, Akershus NOR"]
[Date "2006.02.02"]
[Round "3"]
[White "Lea, Per"]
[Black "Høva, Frode"]
[Result "0-1"]
[WhiteElo "1630"]
[BlackElo "1652"]
[PlyCount "84"]
1.e4 c5 2.Nf3 d6 3.d4 cxd4 4.Nxd4 Nf6 5.Nc3 e6 6.Bg5 Nc6 7.Qd2 a6 8.
O-O-O Bd7 9.f4 b5 10.Nxc6 Bxc6 11.e5 dxe5 12.Qxd8+ Rxd8 13.Rxd8+ Kxd8
14.fxe5 h6 15.Bxf6+ gxf6 16.exf6 Bd6 17.Bd3 Bxg2 18.Rg1 Bf4+ 19.Kb1
Bc6 20.Rg7 Ke8 21.h4 Be5 22.Be4 Bd7 23.Bb7 Bxf6 24.Rg4 a5 25.Ba6 Bxc3
26.bxc3 Ke7 27.c4 bxc4 28.Bxc4 e5 29.Re4 f6 30.Kc1 Rc8 31.Bd3 Rc5 32.
Kd2 f5 33.Rc4 Rxc4 34.Bxc4 Be6 35.Bb3 Kd6 36.Kd3 Bxb3 37.axb3 Kc5 38.
c3 e4+ 39.Ke3 Kd5 40.Kf4 Kd6 41.c4 Kc5 42.Ke3 a4
0-1

[Event "Klubbmesterskap 2006"]
[Site "Ås, Akershus NOR"]
[Date "2006.02.02"]
[Round "3"]
[White "Weberg, Øivind"]
[Black "Furnes, Torstein"]
[Result "1-0"]
[WhiteElo "1575"]
[BlackElo "1480"]
[PlyCount "57"]
[EventDate "2006.01.19"]

1. e4 c5 2. Nf3 Nc6 3. d4 cxd4 4. Nxd4 d6 5. Nc3 e5 6. Ndb5 a6 7. Na3 b5 8. Nd5
Nf6 9. Bg5 Be7 10. Bxf6 Bxf6 11. c3 O-O 12. Nc2 Bg5 13. h4 Bh6 14. g4 f6 15.
Nce3 Bxe3 16. Nxe3 Ne7 17. Qb3+ Kh8 18. O-O-O Qc7 19. Bg2 Bb7 20. Rd2 Rfd8 21.
Rhd1 Rd7 22. h5 Qc5 23. Qe6 Rad8 24. h6 b4 25. c4 a5 26. Qf7 gxh6 27. Qxf6+ Kg8
28. Kb1 Ng6 29. Nf5 1-0

[Event "Klubbmesterskap 2006"]
[Site "Ås, Akershus NOR"]
[Date "2006.05.14"]
[Round "4"]
[White "Lange, Holger"]
[Black "Lea, Per"]
[WhiteElo "1652"]
[BlackElo "1630"]
[PlyCount "71"]
[Result "1-0"]
1.d4 d5 2.Nf3 Nf6 3.c4 e6 4.Nc3 Be7 5.Bg5 c6 6.e3 Nbd7 7.cxd5 exd5
8.Bd3 Ne4 9.Bxe7 Qxe7 10.Qc2 Ndf6 11.Ne5 Nxc3 12.bxc3 Ne4 13.O-O f5
14.c4 O-O 15.Rab1 Be6 16.c5 Rab8 17.Rfe1 Qf6 18.a4 Ng5 19.Rb4 Nf7 20.
Nf3 Bc8 21.Reb1 g6 22.a5 Qd8 23.Qa4 Qc7 24.a6 b5 25.cxb6 Rxb6 26.Rxb6
axb6 27.Rc1 c5 28.Bb5 Rd8 29.dxc5 bxc5 30.Nd4 Qb6 31.Nc6 Re8 32.a7
Bb7 33.Nb8 Rd8 34.Nd7 Qd6 35.Nxc5 Rc8 36.Nxb7
1-0

[Event "Klubbmesterskap 2006"]
[Site "Ås, Akershus NOR"]
[Date "2006.02.16"]
[Round "4"]
[White "Pettersen, Erling"]
[Black "Furnes, Torstein"]
[Result "0-1"]
[WhiteElo "1324"]
[BlackElo "1480"]
[PlyCount "88"]
[EventDate "2006.01.19"]

1. e4 c5 2. Nf3 Nc6 3. d4 cxd4 4. Nxd4 e5 5. Nf5 d6 6. Ng3 Nf6 7. Bc4 Be7 8.
Nc3 O-O 9. O-O Na5 10. Be2 Be6 11. b3 d5 12. exd5 Nxd5 13. Nxd5 Qxd5 14. Qxd5
Bxd5 15. Nf5 Bf6 16. Ba3 Rfd8 17. Ne7+ Bxe7 18. Bxe7 Rd7 19. Bh4 Be4 20. c4 Rd2
21. Rfe1 Nc6 22. Bf1 Bc2 23. Bg5 Rd7 24. Rac1 Nd4 25. Be3 Bg6 26. f4 Nc2 27.
Re2 Nxe3 28. Rxe3 exf4 29. Re5 Rad8 30. Rd5 Be4 31. Re5 f5 32. c5 Kf7 33. Bc4+
Kf6 34. Re6+ Kg5 35. Rd6 Rxd6 36. cxd6 Rxd6 37. Rf1 Rd2 38. Rf2 Rd1+ 39. Rf1
Rxf1+ 40. Kxf1 f3 41. gxf3 Bxf3 42. Kf2 Kf4 43. h4 h6 44. Bf7 g5 0-1

[Event "Klubbmesterskap 2006"]
[Site "Ås, Akershus NOR"]
[Date "2006.03.02"]
[Round "5"]
[White "Lea, Per"]
[Black "Pettersen, Erling"]
[Result "1-0"]
[WhiteElo "1630"]
[BlackElo "1324"]
[PlyCount "57"]
1.e4 e6 2.d4 d5 3.Nc3 Bb4 4.e5 a6 5.Qg4 Bf8 6.Bg5 f6 7.Bh4 Nh6 8.
Qd1 Nf5 9.Bg3 Nc6 10.Nf3 Nxg3 11.hxg3 Bb4 12.Bd3 f5 13.a3 Bxc3+ 14.
bxc3 Qe7 15.Nh4 Qf7 16.g4 Ne7 17.gxf5 exf5 18.Nf3 h6 19.Qe2 Ng6 20.g3
Bd7 21.Kd2 f4 22.Rae1 Qe6 23.Bxg6+ Qxg6 24.e6 Bb5 25.Qe5 Ba4 26.Rc1
O-O-O 27.gxf4 Qg2 28.Qe3 Rhf8 29.Rcg1
1-0

[Event "Klubbmesterskap 2006"]
[Site "Ås, Akershus NOR"]
[Date "2006.03.02"]
[Round "5"]
[White "Furnes, Torstein"]
[Black "Simonsen, Steinar"]
[Result "1/2-1/2"]
[WhiteElo "1480"]
[BlackElo "1435"]
[PlyCount "99"]
[EventDate "2006.01.19"]

1. d4 Nf6 2. c4 g6 3. Nc3 Bg7 4. e4 O-O 5. Nf3 d6 6. Be2 c5 7. O-O Nc6 8. d5
Ne5 9. Nxe5 dxe5 10. Be3 b6 11. Qd2 Ng4 12. Bg5 Nf6 13. Bh6 Ng4 14. Bxg7 Kxg7
15. Bxg4 Bxg4 16. Qg5 Bd7 17. Qxe5+ f6 18. Qg3 e5 19. f4 Qe7 20. fxe5 fxe5 21.
Rxf8 Rxf8 22. Rf1 Rxf1+ 23. Kxf1 a6 24. a4 Qe8 25. b3 b5 26. axb5 axb5 27. cxb5
Bxb5+ 28. Nxb5 Qxb5+ 29. Kf2 Qb8 30. Qc3 Qf8+ 31. Qf3 Qe7 32. g3 c4 33. bxc4
Qc5+ 34. Qe3 Qxc4 35. Qa7+ Kh6 36. Qe3+ Kg7 37. g4 Qc2+ 38. Kg3 Qc7 39. g5 Qe7
40. h4 Qd6 41. Qa7+ Kg8 42. Qa8+ Kg7 43. Qb7+ Kg8 44. Qc6 Qa3+ 45. Kg4 Qb2 46.
Qe8+ Kg7 47. Qe7+ Kg8 48. Qe6+ Kg7 49. Qf6+ Kg8 50. Qe6+ 1/2-1/2

[Event "Klubbmesterskap 2006"]
[Site "Ås, Akershus NOR"]
[Date "2006.03.16"]
[Round "6"]
[White "Lea, Per"]
[Black "Moberg, Jan Rune"]
[WhiteElo "1630"]
[BlackElo "1607"]
[PlyCount "73"]
[Result "1-0"]
1.e4 d6 2.d4 Nd7 3.Nf3 c6 4.Bc4 Ngf6 5.Nc3 e6 6.Qe2 b5 7.Bb3 b4 8.
Nd1 d5 9.exd5 cxd5 10.Ne3 Be7 11.Ne5 Nxe5 12.dxe5 Ne4 13.O-O O-O 14.
Rd1 Nc5 15.Nxd5 exd5 16.Bxd5 Rb8 17.Bxf7+ Kxf7 18.Rxd8 Rxd8 19.Be3 Ba6
20.Qh5+ Kg8 21.Bg5 Bxg5 22.Qxg5 Rd7 23.f4 Re8 24.Re1 Bc4 25.b3 h6 26.
Qg4 Bb5 27.f5 a5 28.e6 Rd5 29.Qg6 Rf8 30.e7 Rf7 31.e8=R+ Bxe8 32.
Rxe8+ Rf8 33.f6 Rd7 34.Rxf8+ Kxf8 35.fxg7+ Kg8 36.Qe8+ Kxg7 37.Qe5+
1-0

[Event "Klubbmesterskap 2006"]
[Site "Ås, Akershus NOR"]
[Date "2006.03.16"]
[Round "6"]
[White "Lystad, Frank"]
[Black "Furnes, Torstein"]
[Result "0-1"]
[WhiteElo "1369"]
[BlackElo "1480"]
[PlyCount "94"]
[EventDate "2006.01.19"]

1. d4 d5 2. Nf3 Nf6 3. g3 e6 4. Bg2 Be7 5. O-O O-O 6. Bf4 c5 7. c3 Nc6 8. Qc2
cxd4 9. cxd4 Qb6 10. Be3 Bd7 11. a3 Na5 12. b4 Nc4 13. Bg5 Rfc8 14. Qa2 a5 15.
bxa5 Rxa5 16. Bc1 Rca8 17. e3 Nxa3 18. Nxa3 Bxa3 19. Bxa3 Rxa3 20. Qb1 Qxb1 21.
Raxb1 b5 22. Ne5 Be8 23. Rfc1 Rb8 24. Rb4 Ra4 25. Rb2 Ne4 26. Bxe4 dxe4 27.
Rcb1 f6 28. Ng4 h5 29. Nxf6+ gxf6 30. Rc1 b4 31. Rc5 b3 32. d5 exd5 33. Rxd5
Ra2 34. Rdd2 Rxb2 35. Rxb2 Bf7 36. Kf1 Ra8 37. Ke1 Ra1+ 38. Kd2 Ra2 39. Kc3
Rxb2 40. Kxb2 Kg7 41. h3 Kg6 42. Kc3 Kg5 43. Kb2 f5 44. Kc3 h4 45. Kb2 hxg3 46.
fxg3 Kf6 47. h4 Kg6 0-1

[Event "Klubbmesterskap 2006"]
[Site "Ås, Akershus NOR"]
[Date "2006.04.20"]
[Round "7"]
[White "Hovland, Arne"]
[Black "Lea, Per"]
[WhiteElo "1592"]
[BlackElo "1630"]
[PlyCount "129"]
[Result "1/2-1/2"]
1.d4 d5 2.c4 e6 3.Nc3 Nf6 4.Nf3 c6 5.e3 Be7 6.Qc2 Nbd7 7.b3 b6 8.
Bd3 Ba6 9.O-O O-O 10.e4 dxe4 11.Nxe4 Rc8 12.Bf4 Nxe4 13.Bxe4 Nf6 14.
Bd3 h6 15.Rad1 Bd6 16.Be5 Qe7 17.a3 Nd7 18.Qa2 Nxe5 19.dxe5 Bb8 20.
Bb1 c5 21.Rd3 Bb7 22.Re3 Bxf3 23.Qc2 g6 24.Rxf3 Bxe5 25.Rh3 Bg7 26.f4
Rcd8 27.Kh1 Rd4 28.Qe2 Qc7 29.Qg4 Rfd8 30.Bc2 e5 31.Rg3 Rxf4 32.Rxf4
exf4 33.Rd3 Re8 34.Qd1 Bd4 35.Rf3 Re3 36.Rf1 Qe5 37.Bd3 Bc3 38.Qb1
Qh5 39.Be4 g5 40.Bd5 g4 41.Qc1 Qe5 42.Qc2 Kg7 43.Qf2 Re1 44.Rxe1
Qxe1+ 45.Qxe1 Bxe1 46.Kg1 f5 47.Kf1 Bc3 48.Ke2 Kf6 49.Kd3 Be5 50.h3
h5 51.a4 Kg5 52.hxg4 fxg4 53.Ke4 Bd4 54.b4 Be3 55.b5 h4 56.Bc6 h3 57.
gxh3 gxh3 58.Kf3 h2 59.Ke2 Kf5 60.Bf3 Bg1 61.Kd2 Kg5 62.Ke2 Kh4 63.
Kf1 Kg3 64.Ke2 Bd4 65.Bc6
1/2-1/2

[Event "Klubbmesterskap 2006"]
[Site "Ås, Akershus NOR"]
[Date "2006.03.30"]
[Round "7"]
[White "Furnes, Torstein"]
[Black "Høva, Frode"]
[Result "1/2-1/2"]
[WhiteElo "1480"]
[BlackElo "1652"]
[PlyCount "64"]
[EventDate "2006.01.19"]

1. d4 Nf6 2. c4 c5 3. d5 e6 4. Nc3 exd5 5. Nxd5 Nxd5 6. cxd5 d6 7. e4 g6 8. Bd2
Bg7 9. Bc3 Bxc3+ 10. bxc3 Qa5 11. Qd2 b5 12. Bd3 Nd7 13. Ne2 O-O 14. h4 Ne5 15.
h5 Bg4 16. h6 c4 17. Bc2 Bxe2 18. Kxe2 Rae8 19. f4 Nd7 20. Qd4 f6 21. g4 Qb6
22. Qxb6 Nxb6 23. Kf3 g5 24. f5 Nd7 25. a4 Ne5+ 26. Kg3 bxa4 27. Rxa4 Rb8 28.
Rxa7 Rb2 29. Rc1 Nf7 30. Rc7 Nxh6 31. Rxc4 Ra8 32. Rb4 Raa2 1/2-1/2

[Event "Klubbmesterskap 2006"]
[Site "Ås, Akershus NOR"]
[Date "2006.04.27"]
[Round "8"]
[White "Lea, Per"]
[Black "Weberg, Øyvind"]
[WhiteElo "1630"]
[BlackElo "1675"]
[PlyCount "109"]
[Result "1-0"]
1.e4 e6 2.d4 d5 3.Nc3 Bb4 4.e5 c5 5.a3 Ba5 6.b4 cxd4 7.Nb5 Bc7 8.
Qxd4 Ne7 9.Nf3 a6 10.Nxc7+ Qxc7 11.c4 Bd7 12.Bb2 Nbc6 13.Qg4 Ng6 14.
Be2 dxc4 15.Qxc4 O-O 16.O-O Rac8 17.Rfd1 Rfd8 18.Rd2 Be8 19.Rad1 Rxd2
20.Rxd2 Rd8 21.Rxd8 Qxd8 22.Qd3 Nf4 23.Qxd8 Nxe2+ 24.Kf1 Nxd8 25.Kxe2
Bb5+ 26.Ke3 Nc6 27.Ng5 Ne7 28.Kd4 Bc6 29.g3 b6 30.Ne4 Nf5+ 31.Kd3 Kf8
32.Bd4 Nxd4 33.Kxd4 Bxe4 34.Kxe4 Ke7 35.Kd4 Kd7 36.Kc4 Kc6 37.a4 b5+
38.axb5+ axb5+ 39.Kd4 f5 40.exf6 gxf6 41.g4 Kd6 42.h4 h6 43.f4 Kc6
44.g5 fxg5 45.hxg5 hxg5 46.fxg5 Kd6 47.g6 e5+ 48.Ke4 Ke6 49.g7 Kf7
50.Kxe5 Kxg7 51.Kd5 Kf7 52.Kc5 Ke7 53.Kxb5 Kd7 54.Kb6 Kc8 55.Ka7
1-0

[Event "Klubbmesterskap 2006"]
[Site "Ås, Akershus NOR"]
[Date "2006.04.20"]
[Round "8"]
[White "Lange, Holger"]
[Black "Furnes, Torstein"]
[Result "1/2-1/2"]
[WhiteElo "1652"]
[BlackElo "1480"]
[PlyCount "106"]
[EventDate "2006.01.19"]

1. d4 d5 2. c4 e6 3. Nc3 Nf6 4. Bg5 Be7 5. e3 O-O 6. Nf3 Nbd7 7. Be2 dxc4 8.
Bxc4 c5 9. O-O a6 10. a4 b6 11. Qe2 Bb7 12. Rfd1 Qc8 13. Ne5 cxd4 14. Nxd7 Qxd7
15. Rxd4 Qc6 16. f3 h6 17. Bh4 g5 18. Bg3 Bc5 19. Rd3 h5 20. Rad1 h4 21. Be5
Nh5 22. Bd6 Nf4 23. Bxf4 gxf4 24. Kh1 Bxe3 25. Rd6 Qc5 26. Bb3 h3 27. Ne4 Qe5
28. Bc2 Qxb2 29. Nc5 Kh8 30. Nxb7 Rg8 31. g3 Rac8 32. Bd3 Qe5 33. Bxa6 fxg3 34.
hxg3 Qxg3 35. Nd8 h2 36. Qxh2+ Qxh2+ 37. Kxh2 Bf4+ 38. Kh3 Bxd6 39. Nxf7+ Kg7
40. Nxd6 Rcd8 41. Rg1+ Kf6 42. Ne4+ Ke5 43. Rxg8 Rxg8 44. Nd2 Kf4 45. Bb7 e5
46. Be4 Rg7 47. Nc4 Ra7 48. Nxb6 Ra6 49. Nd5+ Kg5 50. Nc3 Ra5 51. Kg3 Rc5 52.
Nd5 Ra5 53. Nc3 Rc5 1/2-1/2

[Event "Klubbmesterskap 2006"]
[Site "Ås, Akershus NOR"]
[Date "2006.05.18"]
[Round "9"]
[White "Furnes, Torstein"]
[Black "Lea, Per"]
[WhiteElo "1480"]
[BlackElo "1630"]
[PlyCount "38"]
[Result "1/2-1/2"]
1.d4 d5 2.Nf3 Nf6 3.e3 e6 4.c4 c6 5.Bd3 Be7 6.O-O O-O 7.Nc3 Nbd7 8.
Qc2 Qc7 9.e4 dxe4 10.Nxe4 h6 11.Bd2 e5 12.Bc3 exd4 13.Bxd4 c5 14.Bc3
b6 15.Rfe1 Bb7 16.Re2 Nxe4 17.Bxe4 Bxe4 18.Qxe4 Bf6 19.Bxf6 Nxf6
1/2-1/2

[Event "Høstturnering 2005"]
[Site "Ås, Akershus NOR"]
[Date "2005.09.01"]
[Round "1"]
[White "Lange, David"]
[Black "Furnes, Torstein"]
[Result "0-1"]
[WhiteElo "1041"]
[BlackElo "1515"]
[PlyCount "20"]
[EventDate "2005.09.01"]

1. b4 d5 2. Bb2 Nf6 3. Nf3 e6 4. a3 c5 5. b5 Be7 6. e3 O-O 7. d3 Qa5+ 8. Nc3
Rd8 9. d4 Ne4 10. Qd3 c4 0-1

[Event "Høstturnering 2005"]
[Site "Ås, Akershus NOR"]
[Date "2005.09.01"]
[Round "1"]
[White "Bakken, Svein-Erik"]
[Black "Lea, Per"]
[Result "0-1"]
[WhiteElo "1346"]
[BlackElo "1645"]
[PlyCount "108"]
[EventDate "2005.09.01"]

1. d4 d5 2. c4 e6 3. Nc3 Nf6 4. Bg5 Be7 5. e3 Nbd7 6. Nf3 c6 7. Bd3 dxc4 8.
Bxc4 Nd5 9. Bxe7 Qxe7 10. O-O O-O 11. Rc1 Nxc3 12. Rxc3 e5 13. dxe5 Nxe5 14.
Nxe5 Qxe5 15. Re1 Be6 16. Qc2 Bxc4 17. Rxc4 Rad8 18. b3 Rd7 19. Rh4 h6 20. Re4
Qa5 21. b4 Qb6 22. Rd1 Rxd1+ 23. Qxd1 Rd8 24. Rd4 Rxd4 25. Qxd4 Qxd4 26. exd4
f5 27. f3 Kf7 28. Kf2 Ke6 29. Ke3 Kd5 30. Kd3 g6 31. a4 b6 32. g3 a6 33. h3 h5
34. Kc3 g5 35. Kd3 a5 36. bxa5 bxa5 37. Kc3 c5 38. dxc5 Kxc5 39. g4 hxg4 40.
hxg4 f4 41. Kd3 Kb4 42. Ke4 Kxa4 43. Kf5 Kb4 44. Kxg5 a4 45. Kxf4 a3 46. g5 a2
47. g6 a1=Q 48. Kg5 Qe5+ 49. Kh6 Qh8+ 50. Kg5 Kc5 51. f4 Kd6 52. f5 Ke7 53. f6+
Qxf6+ 54. Kh6 Qh8+ 0-1

[Event "Høstturnering 2005"]
[Site "Ås, Akershus NOR"]
[Date "2005.09.22"]
[Round "2"]
[White "Lea, Per"]
[Black "Weberg, Øivind"]
[Result "1/2-1/2"]
[WhiteElo "1645"]
[BlackElo "1505"]
[PlyCount "53"]
[EventDate "2005.09.01"]

1. e4 e5 2. Nf3 Nc6 3. Bc4 d6 4. O-O Be7 5. c3 Bg4 6. d4 Nf6 7. d5 Bxf3 8. Qxf3
Nb8 9. Re1 O-O 10. Bg5 Nbd7 11. Nd2 Re8 12. Nf1 h6 13. Bd2 Nh7 14. Ng3 Bg5 15.
Rad1 Bxd2 16. Rxd2 Qf6 17. Qg4 Ndf8 18. Bb5 Red8 19. Nf5 Qg5 20. Qe2 Ng6 21. g3
Qf6 22. Rd3 Ne7 23. Rf3 Nxf5 24. Rxf5 Qg6 25. Qf3 f6 26. Be2 Qf7 27. Qh5
1/2-1/2

[Event "Høstturnering 2005"]
[Site "Ås, Akershus NOR"]
[Date "2005.09.08"]
[Round "2"]
[White "Furnes, Torstein"]
[Black "Nord, Knut"]
[Result "1-0"]
[WhiteElo "1515"]
[BlackElo "1273"]
[PlyCount "63"]
[EventDate "2005.09.01"]

1. d4 d5 2. c4 Nf6 3. e3 e6 4. Nf3 Nc6 5. Nc3 Bb4 6. a3 Bxc3+ 7. bxc3 O-O 8.
cxd5 exd5 9. Bd3 Re8 10. h3 Ne4 11. c4 dxc4 12. Bxc4 a6 13. O-O Kh8 14. Bxf7
Rf8 15. Ne5 Nxe5 16. dxe5 Qg5 17. e6 Nd6 18. e4 Qe7 19. Bb2 Nxf7 20. exf7 Qxf7
21. Qd4 Be6 22. Rad1 Rae8 23. Rd3 Kg8 24. Rg3 Re7 25. Qe3 Qf4 26. Qd4 Qf7 27.
h4 Rd7 28. Qc5 b6 29. Qe5 Qxf2+ 30. Rxf2 Rxf2 31. Kxf2 Rf7+ 32. Kg1 1-0

[Event "Høstturnering 2005"]
[Site "Ås, Akershus NOR"]
[Date "2005.09.15"]
[Round "3"]
[White "Høva, Frode"]
[Black "Lea, Per"]
[Result "0-1"]
[WhiteElo "1632"]
[BlackElo "1645"]
[PlyCount "114"]
[EventDate "2005.09.01"]

1. d4 d5 2. c4 e6 3. Nc3 Nf6 4. cxd5 exd5 5. Bg5 Be7 6. Qc2 O-O 7. e3 c6 8. Bd3
Nbd7 9. Nf3 Re8 10. O-O h6 11. Bh4 Ne4 12. Bxe7 Qxe7 13. Rae1 Ndf6 14. Nd2 Bf5
15. f3 Nxd2 16. Qxd2 Bxd3 17. Qxd3 c5 18. Qb5 Rac8 19. dxc5 Qxc5 20. Qxc5 Rxc5
21. Re2 d4 22. exd4 Rxe2 23. Nxe2 Rc2 24. Nc3 Rxb2 25. Rd1 Kf8 26. d5 Ke7 27.
d6+ Kd7 28. h4 b5 29. g4 b4 30. Na4 Rxa2 31. Nc5+ Kc6 32. d7 Nxd7 33. Nxd7 b3
34. Ne5+ Kb5 35. f4 b2 36. Nd3 Ra1 37. Nxb2 Rxd1+ 38. Nxd1 a5 39. Kf2 Kc4 40.
Ke2 Kb3 41. Kd3 a4 42. Nc3 a3 43. h5 f6 44. f5 Kb2 45. Kc4 Kc2 46. Na2 Kd2 47.
Kd4 Kc2 48. Kc4 Kd2 49. Kb3 Ke3 50. Nc3 Kf4 51. Nd5+ Kxg4 52. Ne7 Kxh5 53. Kxa3
Kg4 54. Kb2 h5 55. Kc2 h4 56. Kd2 h3 57. Ke2 h2 0-1

[Event "Høstturnering 2005"]
[Site "Ås, Akershus NOR"]
[Date "2005.09.15"]
[Round "3"]
[White "Furnes, Torstein"]
[Black "Larsen, Joakim"]
[Result "1/2-1/2"]
[WhiteElo "1515"]
[BlackElo "1725"]
[PlyCount "107"]
[EventDate "2005.09.01"]

1. d4 Nf6 2. c4 d6 3. Nf3 c6 4. Nc3 Qc7 5. e4 e5 6. d5 Nbd7 7. Bd3 Be7 8. O-O
O-O 9. Ng5 h6 10. Nf3 a5 11. h3 Rb8 12. Nh2 Nh7 13. Be3 Bg5 14. Qd2 Nc5 15. f4
exf4 16. Bxf4 Bxf4 17. Rxf4 Nd7 18. Ng4 Ne5 19. Nxe5 dxe5 20. Rf2 Bd7 21. Raf1
Qd6 22. Qe3 b6 23. Qg3 Rbc8 24. Be2 f6 25. Bh5 Kh8 26. Bg6 cxd5 27. cxd5 Ng5
28. h4 Nh7 29. Qe3 b5 30. Ne2 Rc5 31. Ng3 Bg4 32. Nf5 Bxf5 33. Bxf5 Rb8 34. Qg3
Nf8 35. Qe3 Rc4 36. g4 Qc5 37. Qg3 g6 38. Be6 Nxe6 39. dxe6 Re8 40. Kg2 Rc2 41.
Qb3 Rxf2+ 42. Rxf2 a4 43. Qd5 Qe7 44. Qxb5 Qxe6 45. Kg3 h5 46. gxh5 gxh5 47.
Rf5 Qg8+ 48. Kf2 Qg6 49. Qe2 Rc8 50. Rxh5+ Kg7 51. Rf5 Qh6 52. h5 Rd8 53. Qg4+
Kf7 54. Qg6+ 1/2-1/2

[Event "Høstturnering 2005"]
[Site "Ås, Akershus NOR"]
[Date "2005.09.29"]
[Round "4"]
[White "Lea, Per"]
[Black "Furnes, Torstein"]
[Result "1/2-1/2"]
[WhiteElo "1645"]
[BlackElo "1515"]
[PlyCount "67"]
[EventDate "2005.09.01"]

1. e4 c5 2. Nf3 Nc6 3. d4 cxd4 4. Nxd4 e5 5. Nb5 d6 6. N1c3 a6 7. Na3 b5 8. Nd5
Nf6 9. Bg5 Be7 10. Bxf6 Bxf6 11. c3 O-O 12. Nc2 Be7 13. Nce3 f5 14. exf5 Bxf5
15. Nxf5 Rxf5 16. Bd3 Rf7 17. Qc2 g6 18. h4 Rc8 19. h5 g5 20. Bg6 hxg6 21.
Qxg6+ Rg7 22. Qe6+ Kh8 23. h6 Rh7 24. Nxe7 Rxe7 25. Qf6+ Kh7 26. Qf5+ Kh8 27.
Qf6+ Kh7 28. O-O-O d5 29. Qf5+ Kh8 30. Rxd5 Qxd5 31. Qxc8+ Kh7 32. Qf5+ Kh8 33.
Qf6+ Kh7 34. Qf5+ 1/2-1/2

[Event "Høstturnering 2005"]
[Site "Ås, Akershus NOR"]
[Date "2005.10.18"]
[Round "5"]
[White "Hovland, Arne"]
[Black "Lea, Per"]
[Result "1-0"]
[WhiteElo "1576"]
[BlackElo "1645"]
[PlyCount "65"]
[EventDate "2005.09.01"]

1. d4 d5 2. c4 e6 3. Nc3 Nf6 4. Nf3 c6 5. e3 Bb4 6. a3 Bxc3+ 7. bxc3 Ne4 8. Qc2
Nd7 9. Bd3 Ndf6 10. O-O Qa5 11. Nd2 Nxd2 12. Bxd2 O-O 13. f4 Qc7 14. Rf3 g6 15.
Be1 Nh5 16. Bh4 f5 17. h3 Nf6 18. Kh1 Kh8 19. Bg3 Qe7 20. Bh4 Qg7 21. Rg1 Qh6
22. Qf2 Ne4 23. Qe1 g5 24. fxg5 Nxg5 25. Rf4 Bd7 26. Bg3 Rg8 27. Rh4 Qg6 28.
Be5+ Rg7 29. Be2 Qf7 30. g4 Kg8 31. gxf5 Qxf5 32. Bxg7 Kxg7 33. Rxg5+ 1-0

[Event "Høstturnering 2005"]
[Site "Ås, Akershus NOR"]
[Date "2005.10.06"]
[Round "5"]
[White "Weberg, Øivind"]
[Black "Furnes, Torstein"]
[Result "1/2-1/2"]
[WhiteElo "1505"]
[BlackElo "1515"]
[PlyCount "52"]
[EventDate "2005.09.01"]

1. e4 c5 2. Nf3 Nc6 3. d4 cxd4 4. Nxd4 e5 5. Nb5 d6 6. N1c3 a6 7. Na3 b5 8. Nd5
Nf6 9. Bg5 Be7 10. Bxf6 Bxf6 11. c3 O-O 12. Nc2 Bg5 13. h4 Bh6 14. g4 g5 15.
hxg5 Bxg5 16. Nce3 Ne7 17. Qf3 Ng6 18. O-O-O Be6 19. Kb1 Qa5 20. Rh5 h6 21. Be2
Nf4 22. Rh2 Qa4 23. Nf5 Nxd5 24. exd5 Bxf5+ 25. Qxf5 Qf4 26. Bd3 Qxf5 1/2-1/2

[Event "Høstturnering 2005"]
[Site "Ås, Akershus NOR"]
[Date "2005.10.13"]
[Round "6"]
[White "Larsen, Joakim"]
[Black "Lea, Per"]
[Result "1-0"]
[WhiteElo "1725"]
[BlackElo "1645"]
[PlyCount "81"]
[EventDate "2005.09.01"]

1. e4 e5 2. Nf3 Nc6 3. d4 exd4 4. Bc4 Nf6 5. O-O Nxe4 6. Re1 d5 7. Bxd5 Qxd5 8.
Nc3 Qa5 9. Rxe4+ Be6 10. Nxd4 O-O-O 11. Nce2 Bf5 12. Bd2 Bb4 13. Nxc6 Rxd2 14.
Qxd2 Bxd2 15. Nxa5 Bxe4 16. c3 Re8 17. Ng3 Bg6 18. Rd1 Re1+ 19. Rxe1 Bxe1 20.
Nb3 Bb1 21. Kf1 Bxa2 22. Nc1 Bd5 23. Kxe1 Bxg2 24. Nh5 g6 25. Nf6 h5 26. Ke2
Kd8 27. f3 Ke7 28. Ne4 Bh3 29. Nd3 c6 30. Ke3 Bf5 31. Ng3 Be6 32. Kd4 Kd7 33.
Nc5+ Kd6 34. Nge4+ Ke7 35. Nxe6 Kxe6 36. Nc5+ Kf5 37. Nxb7 Kf4 38. Nd8 f5 39.
Nxc6 Kxf3 40. Ne5+ Ke2 41. Nxg6 1-0

[Event "Høstturnering 2005"]
[Site "Ås, Akershus NOR"]
[Date "2005.10.18"]
[Round "6"]
[White "Furnes, Torstein"]
[Black "Høva, Frode"]
[Result "0-1"]
[WhiteElo "1515"]
[BlackElo "1632"]
[PlyCount "60"]
[EventDate "2005.09.01"]

1. d4 Nf6 2. c4 g6 3. Nc3 Bg7 4. e4 d6 5. Nf3 O-O 6. Be2 e5 7. O-O Nc6 8. d5
Ne7 9. Ne1 Nd7 10. f4 f5 11. fxe5 Nxe5 12. Bg5 h6 13. Be3 fxe4 14. Rxf8+ Qxf8
15. Nxe4 Nf5 16. Qd2 Nxe3 17. Qxe3 Bg4 18. Rb1 Re8 19. Bd3 Bf5 20. Bc2 Ng4 21.
Qf3 Bxe4 22. Bxe4 Rxe4 23. h3 Bd4+ 24. Kh1 Nf2+ 25. Kh2 Be5+ 26. Kg1 Rf4 27.
Qe2 Qf5 28. Rc1 Nxh3+ 29. gxh3 Bd4+ 30. Kh1 Qxh3+ 0-1